|
|
|
|
| LEADER |
00000nab a2200000 ar4500 |
| 001 |
vtls009965567 |
| 003 |
SK-MaSNL |
| 005 |
20260303204238.0 |
| 008 |
180907c2009 xo wr|p|||||||000 b|slo |
| 038 |
|
|
|a PPPK
|
| 040 |
|
|
|a PPPKCL
|b slo
|c PPPKCL
|e AACR2
|
| 041 |
0 |
|
|a slo
|
| 044 |
|
|
|a xo
|c SK
|
| 080 |
|
|
|a 351.74
|2 2001
|
| 245 |
0 |
0 |
|a Policajtom uľahčí prácu päť kamier
|c [text a foto] (mna)
|
| 300 |
|
|
|b Fotogr.
|
| 610 |
1 |
7 |
|a Vysoké Tatry (Slovensko).
|b Mestská polícia
|2 pppkcl
|9 177602
|
| 650 |
0 |
7 |
|a mestská polícia
|2 pppkcl
|9 26122
|
| 650 |
0 |
7 |
|a kamerové systémy
|2 pppkcl
|9 504710
|
| 651 |
|
7 |
|a Vysoké Tatry (Poľsko a Slovensko : pohorie)
|2 SNKPHgeo
|9 67729
|
| 773 |
0 |
|
|t Podtatranské noviny
|g Roč. IIL, č. 42 (2009), s. 2
|
| 852 |
|
|
|a PPPK
|b KIS3GCP
|
| 999 |
|
|
|c 2189114
|d 2191044
|